• 首页
  • 本馆介绍
  • 公告通知
  • 最新文献
  • 馆藏检索
  • 电子资源
  • 读者导购
  • 参考咨询
  • 我的图书馆
  • 登录
  • 详细信息显示
  • 放入我的书架
  • 预约/预借图书
  • 作者相关作品
  • 分类相关作品
  • 丛书相关作品
  • 出版社相关作品

书目信息

  • 表格格式
  • 工作单格式
  • 卡片格式
题名:
大学生健康指南
    
 
作者: 孙宗鲁 编著
分册:  
出版信息: 北京   北京大学出版社  1993.6
页数: 263页
开本: 19cm
丛书名:
单 册:
中图分类: G478.4
科图分类:
主题词: 大学生-保健 , 保健-大学生
电子资源:
ISBN: 7-301-02137-2
000 00959nam0 2200277 45
001 1536776616
005 20150130101324.40
010    @a7-301-02137-2@dCNY5.60
100    @a19930914d1993 em y0chiy0121 ea
101 0  @achi
102    @aCN@b110000
105    @ay z 000yy
200 10 @a大学生健康指南@ADA XUE SHENG JIAN KANG ZHI NAN@f孙宗鲁编著@FSUN ZONG LU BIAN ZHU
210    @a北京@c北京大学出版社@d1993.6
215    @a263页@d19cm
300    @a英文题名:Health guide for college students
304    @a孙宗鲁,外科主任医师,北京大学医院院长,兼任北京大学心理咨询治疗中心主任、人口研究所及世界卫生组织合作中心研究员等
330    @a对大学生经常遇到的心理、生理、疾病等问题给予正确指导。
510 1  @aHealth guide for college students@zeng
540 1  @a健康@AJIAN KANG
606    @a大学生-保健
606    @a保健-大学生
690    @aG478.4@v三版
701  0 @a孙宗鲁@ASUN ZONG LU@4编著
801  0 @aCN@bTSSF@c20150130
905    @aZUCC@dG478.4@eJY1
    
    大学生健康指南/孙宗鲁编著.-北京:北京大学出版社,1993.6
    263页;19cm
    英文题名:Health guide for college students
    
    ISBN 7-301-02137-2:CNY5.60
    对大学生经常遇到的心理、生理、疾病等问题给予正确指导。
●
相关链接 在E读中查询图书 在五车中查询图书 在当当中查询图书 在豆瓣中查询图书


正题名:大学生健康指南     索取号:G478.4/JY1         预约/预借

序号 登录号 条形码 馆藏地/架位号 状态 备注
1 7858192   278581928   学院路分馆/ [索取号:G478.4/JY1] 在馆    
2 7858193   278581937   学院路分馆/ [索取号:G478.4/JY1] 在馆    
唐山师范学院图书馆 欢迎您!
大连网信软件有限公司© 版权所有